000
00291nam a2200109Ia 4500
008
230907s9999||||xx |||||||||||||| ||und||
082
_a
621.31922,KAL
100
_a
Kalaga, Sriram,
_9
115233
245
0
_a
Design of electrical transmission lines :
300
_a
xlii, 425 pages ;
942
_c
BK
999
_c
597917
_d
597917